| 000 | 00851cam a2200241 a 4500 | ||
|---|---|---|---|
| 999 |
_c2992 _d2992 |
||
| 003 | OSt | ||
| 005 | 20210208111607.0 | ||
| 008 | 980430s1995 tz ab b f000 0 eng | ||
| 020 | _a997691122X | ||
| 020 | _a9976911211 (cover) | ||
| 040 |
_aDLC _cKABLIB |
||
| 082 | 0 | 0 |
_a496/.39 _223 _bOGO |
| 100 | 1 |
_aOgot, Mhariri B. A. _98070 |
|
| 245 | 1 | 0 |
_aHistory of Kiswahili poetry, A.D. 1000-2000 : _ba report / _cMhariri B. A. Ogot. |
| 260 |
_aDar es Salaam : _b Chuo Kikuu cha Dar es Salaam, _cc1995. |
||
| 300 |
_axx, 542 p. : _bill., map ; _c21 cm. |
||
| 504 | _aIncludes bibliographical references. | ||
| 546 | _aIn English, with some Swahili. | ||
| 650 | 0 |
_aSwahili poetry _xHistory and criticism. _98071 |
|
| 700 | 1 |
_aSengo, Tigiti S. Y. _98072 |
|
| 710 | 2 |
_aChuo Kikuu cha Dar es Salaam. _bTaasisi ya Uchunguzi wa Kiswahili. _97824 |
|
| 942 |
_2ddc _cBOOK |
||